00641 2200241 4500001002100000005001500021035002000036007000300056008004100059020002200100082001000122084001600132100002100148245007500169250001000244260004200254300003200296500001900328650001200347700001600359990001200375990001200387INLIS00000000000276820190109032122 a0010-0119000120ta190109 a 1 ind  a978-602-394-158-2 a398.2 a398.2 ARL k0 aARLEEN, Amidjaja1 aKumpulan Dongeng Binatang 1 /cArleen Amidjaja; penyunting, Deesis E.M acet.6 aJakarta :bBhuana Ilmu Populer,c2016 a200 hlm. :bilus. ;c24 cm. aBilingual Book aDONGENG0 aDEESIS, E.M a16883 a a16883 b